Greek Gods - Statistics

General Stats
  • This quiz has been taken 27 times
  • The average score is 11 of 15
Answer Stats
Hint Answer % Correct
God of the Sea Poseidon
100%
God of the Dead Hades
95%
Goddess of Love Aphrodite
91%
God of the Sun Apollo
91%
God of War Ares
91%
Goddess of Marriage Hera
86%
God of Travelers Hermes
86%
God of the Sky Zeus
86%
God of Wine Dionysus
73%
Goddess of Deer Artemis
68%
Goddess of Agriculture Demeter
64%
God of Fire Hephaestus
59%
Goddess of Flowers Persephone
55%
Goddess of the Hearth Hestia
45%
Goddess of Revenge Nemesis
36%
No matching quizzes found
Score Distribution
Percent of People with Each Score
Percentile by Number Answered
Your Score History
You have not taken this quiz